zpět

Detail výsledku týmu

Klub Tyjátr, Svitavy

Datum a čas kvízu

24 Celkem bodů Celkový počet nahraných bodů na tomto kvízu bez doplňovacích otázek.
7. Pořadí na kvízu Konečné umístění týmu na tomto kvízu.

Zaznamenané odpovědi

# Otázka Odpověď Body Výsledky
1. Jak jinak odstartovat dnešní k... Monica, Chandler 0.5
2. Jeden z nejoblíbenějších dílů... 5 0
3. V díle "Pomluvy" se dozvíme, ž... z Thajska 0
4. Pamatujete si na legendární se... z krocana/krůty, 3 plátky 0
5. Na začátku dílu "Všichni všech... biceps 0
6. V seriálu se během jeho vysílá... 1D, 2A, 3B, 4C 0
7. Chandler během výpadku proudu... žvýkačku 1
8. Herečka Brooke Shields, která... Erika (Fordová); Salem 0
9. Ve 13. díle 2. série se objevi... Jean-Claude van Damme, Drew Barrymore 1
10. Na konci druhé série Phoebe na... (plané) neštovice 1